00335nam a22001457a 4500003000400000020001700004082001700021100002400038245003000062250000800092260004400100300000900144650001800153653001800171SGT a978938918883 a617.63bO20G aGhom, Anil Govinrao aTextbook of Oral Medicine a4th aNew Delhi, IndiabJaypee Brothersc2020 a1023 aOral Medicine aOral Medicine